| 000 | 00364 a2200169 4500 | ||
|---|---|---|---|
| 001 | 171980 | ||
| 020 | _a85-85672-14-5 | ||
| 040 | _cMagnum | ||
| 100 | _aAlvarenga, Terezinha | ||
| 240 | 1 | 0 |
_aRita está acesa _lpor |
| 245 | 1 | 0 | _aRita está acesa |
| 300 | _a22 | ||
| 362 | 0 | _a1997 | |
| 440 | 1 | _aMiguilim | |
| 697 | _aLITERATURA INFANTO-JUVENIL | ||
| 942 | _cBK | ||
| 999 |
_c171980 _d171980 |
||